000 00438pab a2200169 454500
008 180718b2013 xxu||||| |||| 00| 0 eng d
100 _aAneesh K.A.
245 _aWidening disparities and deprivations: India's strides to inclusive growth
260 _c2013
300 _ap.19-32.
362 _aJan-Mar
650 _aEconomic growth - India
650 _aEconomic growth
773 _aSocial Action
908 _aN
909 _a98804
999 _c98803
_d98803